Fundamentals of digital manufacturing science / (Record no. 34621)

MARC details
000 -LEADER
fixed length control field 00484nam a2200193Ia 4500
001 - CONTROL NUMBER
control field 31991
003 - CONTROL NUMBER IDENTIFIER
control field IN-NITTTR
005 - DATE AND TIME OF LATEST TRANSACTION
control field 20251114233426.0
008 - FIXED-LENGTH DATA ELEMENTS--GENERAL INFORMATION
fixed length control field 251113s9999||||xx |||||||||||||| ||eng||
040 ## - CATALOGING SOURCE
Language of cataloging eng
040 ## - CATALOGING SOURCE
Transcribing agency IN-NITTTR
041 ## - LANGUAGE CODE
Language code of text/sound track or separate title eng
082 ## - DEWEY DECIMAL CLASSIFICATION NUMBER
Classification number 670.4275 Z1F
100 ## - MAIN ENTRY--PERSONAL NAME
Personal name Zhou, Zude
245 #0 - TITLE STATEMENT
Title Fundamentals of digital manufacturing science /
Statement of responsibility, etc. Zhou, Zude, Xie, Shane, Chen, Dejun
700 ## - ADDED ENTRY--PERSONAL NAME
Personal name Chen, Dejun
700 ## - ADDED ENTRY--PERSONAL NAME
Personal name Xie, Shane
942 ## - ADDED ENTRY ELEMENTS (KOHA)
Source of classification or shelving scheme Dewey Decimal Classification
Koha item type Books
Holdings
Withdrawn status Lost status Source of classification or shelving scheme Damaged status Not for loan Home library Current library Date acquired Total checkouts Full call number Barcode Date last seen Price effective from Koha item type
    Dewey Decimal Classification     National Institute of Technical Teachers Training & Research National Institute of Technical Teachers Training & Research 11/14/2025   670.4275 Z1F 049482 11/14/2025 11/14/2025 Books